album jamais sortis de kanye west - Statistiques

Statistiques générales
  • Ce quiz a été pris 158 fois
    89 depuis la dernière actualisation
  • Le résultat moyen est 7 sur 19
Statistiques - réponses
Réponse % Correct
yandhi
87%
vultures 3
72%
Good Ass Job
68%
donda 2
64%
yeezus 2
61%
thank god for drugs
43%
JESUS IS KING 2
35%
War
32%
SWISH
29%
waves
29%
cruel winter
28%
LOVE EVERYONE
28%
so help me god
28%
turbo grafx 16
28%
Watch the throne 2
26%
Wolves
19%
god's country
17%
Cruel Summer
16%
Kid see ghosts 2
10%
Aucun quiz correspondant
Distribution des résultats
% des personnes avec chaque résultat
Percentile par nombre de réponses
Votre historique - résultats
Vous n’avez pas pris ce quiz depuis la dernière actualisation